|
|
|
|
| LEADER |
00000nam a2200000 i 4500 |
| 001 |
1/28484 |
| 008 |
960405s1983 eng d |
| 020 |
|
|
|a 0140225544
|
| 035 |
|
|
|l 10023046
|
| 040 |
|
|
|a GR-MY-UA
|b gre
|e aacr
|
| 041 |
0 |
|
|a eng
|
| 082 |
0 |
|
|a 306.85
|
| 100 |
1 |
|
|a Berger, Brigitte.
|
| 245 |
1 |
4 |
|a The war over the family : Capturing the middle ground
|
| 260 |
|
|
|a Harmondsworth :
|b Penguin,
|c 1983
|
| 300 |
|
|
|a 270 p.
|
| 650 |
0 |
0 |
|a Family.
|
| 650 |
0 |
0 |
|a Middle class.
|
| 650 |
0 |
0 |
|a Family policy.
|
| 650 |
0 |
0 |
|a Social change.
|
| 700 |
1 |
|
|a Berger, Peter L.
|
| 852 |
|
|
|a INST
|b CHIOS
|e 19960405
|h 306.85 BER
|p 005200006180
|q 005200006180
|t BK
|y 0
|
| 909 |
|
|
|a Χ
|b 001497
|